La Pandemia del VIH SIDA
Сохранить в:
| Формат: | Текст |
|---|---|
| Язык: | Spanish |
| Предметы: | |
| Метки: |
Добавить метку
Нет меток, Требуется 1-ая метка записи!
|
MARC
| LEADER | 00000 a a2200000 04500 | ||
|---|---|---|---|
| 001 | 6698 | ||
| 003 | cru IIS | ||
| 005 | 20220517084649.0 | ||
| 008 | 220517b |||||||| |||| 00| 0 spa d | ||
| 040 | |c cru IIS | ||
| 090 | |a REV0420 vol. 27 (1195) | ||
| 245 | |a La Pandemia del VIH SIDA | ||
| 650 | |a SIDA | ||
| 650 | |a EL SALVADOR | ||
| 773 | |g volumen 24, número 1068; páginas 9-12 | ||
| 942 | |2 z |c PP | ||
| 999 | |c 25903 |d 25903 | ||
